[Event "CAN-ch op"]
[Site "Calgary"]
[Date "1996.07.17"]
[Round "6"]
[White "Quiring, John"]
[Black "Wilson, Ted"]
[Result "0-1"]
[WhiteElo "2033"]
[BlackElo "2177"]
[PlyCount "70"]
[EventDate "1996.07.13"]
[EventType "swiss"]
[EventRounds "10"]
[EventCountry "CAN"]
[SourceTitle "EXT 2022"]
[Source "ChessBase"]
[SourceDate "2021.10.06"]
[SourceVersion "1"]
[SourceVersionDate "2021.10.06"]
[SourceQuality "1"]

1. d4 g6 2. e4 Bg7 3. Nc3 d6 4. f4 Nf6 5. Nf3 Bg4 6. Be3 0-0 7. h3 Bxf3 8. Qxf3 Nc6 9. e5 Nd7 10. d5 Nb4 11. 0-0-0 dxe5 12. a3 exf4 13. Bxf4 Na6 14. g4 Nac5 15. h4 Nf6 16. h5 a6 17. Be2 Qd7 18. Qe3 b6 19. Bh6 Bxh6 20. Qxh6 g5 21. Qxg5+ Kh8 22. Qe3 Nxg4 23. Bxg4 Qxg4 24. Rdg1 Qd7 25. Rh3 Rg8 26. Rhg3 Qd6 27. b4 Nd7 28. Ne4 Qe5 29. Kb1 Rxg3 30. Rxg3 Rg8 31. Ng5 Rf8 32. Qg1 Nf6 33. h6 Qxd5 34. Rd3 Qa8 35. Nxh7 Rg8 0-1

[Event "Alberta-ch"]
[Site "Edmonton & Calgary"]
[Date "1986.05.03"]
[Round "2"]
[White "Zissos, Andrew"]
[Black "Wilson, Ted"]
[Result "0-1"]
[WhiteElo "2144"]
[BlackElo "2105"]
[PlyCount "76"]
[EventDate "1986.05.03"]
[EventType "tourn"]
[EventRounds "7"]
[EventCountry "CAN"]
[SourceTitle "EXT 2017"]
[Source "ChessBase"]
[SourceDate "2016.10.25"]
[SourceVersion "1"]
[SourceVersionDate "2016.10.25"]
[SourceQuality "1"]

1. Nf3 Nf6 2. c4 g6 3. g3 Bg7 4. Bg2 d6 5. d4 0-0 6. 0-0 Nbd7 7. Nc3 Rb8 8. a4 a5 9. b3 e5 10. dxe5 dxe5 11. Ba3 Re8 12. Ra2 e4 13. Ng5 e3 14. fxe3 Rxe3 15. Nd5 Re5 16. Nxf6+ Bxf6 17. Bb2 Bxg5 18. Bxe5 Nxe5 19. Qxd8+ Bxd8 20. Rd2 Bg5 21. Rd5 Be3+ 22. Kh1 Nc6 23. Rd3 Bg5 24. Bd5 Be6 25. Bxe6 fxe6 26. Rd7 Rd8 27. Rfd1 Rc8 28. h4 Bf6 29. Rf1 Ne5 30. Rd4 Rd8 31. e3 Rf8 32. Re4 Bg7 33. Rxf8+ Kxf8 34. c5 Ke7 35. b4 Nd3 36. c6 b6 37. bxa5 bxa5 38. Kg2 Ne5 0-1